Państwa na Euro 2024, które wyszły z fazy grupowej - Statystyki

Ogólne statystyki
  • Ten quiz został rozwiązany 347 razy
  • Średni wynik to 14 z 16
Statystyki odpowiedzi
Państwo % Poprawnych
Francja
97%
Hiszpania
97%
Niderlandy
94%
Anglia
93%
Niemcy
92%
Portugalia
92%
Włochy
91%
Austria
88%
Gruzja
88%
Szwajcaria
88%
Turcja
87%
Belgia
86%
Rumunia
81%
Słowenia
81%
Słowacja
78%
Dania
73%
Nie znaleziono quizów pasujących do podanych kryteriów
Rozkład punktacji
Procent ludzi z każdym wynikiem
Percentyl według liczby udzielonych odpowiedzi
Twoja historia wyników
Nie rozwiązałeś tego quizu